000 00647cas a2200229 a 4500
999 _c7750
_d7750
022 0 _a9781416040637
050 0 0 _aRM125
_b.H66
245 0 0 _aSaunders nursing drug handbook.
_cedited by Barbara Hodgson & Reobert Kizior
260 3 _aSt. Louis :
_bSaunders Elsevier
300 _avarious pagings;
500 _aincludes bibliographic reference and index
650 0 _aClinical pharmacology
650 0 _aNursing
650 0 _aDrugs
650 7 _aClinical pharmacology.
650 7 _aDrugs.
650 7 _aNursing.
650 1 2 _aPharmaceutical Preparations.
700 1 _aHodgson, Barbara B.
700 1 _aKizior, Robert J.
942 _cBK